Online
Catalog

Reincidencias / (Record no. 10648)

MARC details
000 -CABECERA
campo de control de longitud fija 00817cam a2200241 a 4500
001 - NÚMERO DE CONTROL
campo de control 000010910
005 - FECHA Y HORA DE LA ÚLTIMA TRANSACCIÓN
campo de control 20200929162321.0
008 - DATOS DE LONGITUD FIJA--INFORMACIÓN GENERAL
campo de control de longitud fija 941004s1989 cu 001 e spa
040 ## - FUENTE DE LA CATALOGACIÓN
Centro catalogador/agencia de origen DO-SdBNP
Centro/agencia transcriptor DLC
082 ## - NÚMERO DE LA CLASIFICACIÓN DECIMAL DEWEY
Número de clasificación Cu864.44
Número de documento/Ítem A662r
100 1# - ENTRADA PRINCIPAL--NOMBRE DE PERSONA
Nombre de persona Arango, Arturo,
Fechas asociadas al nombre 1955-
9 (RLIN) 21482
245 10 - MENCIÓN DE TÍTULO
Título Reincidencias /
Mención de responsabilidad, etc. Arturo Arango ; edición María Cristina Eduardo Vázquez.
260 ## - PUBLICACIÓN, DISTRIBUCIÓN, ETC.
Lugar de publicación, distribución, etc. La Habana (Cuba) :
Nombre del editor, distribuidor, etc. Abril,
Fecha de publicación, distribución, etc. 1989.
300 ## - DESCRIPCIÓN FÍSICA
Extensión 137 p. ;
Dimensiones 19 cm.
504 ## - NOTA DE BIBLIOGRAFÍA, ETC.
Nota de bibliografía, etc. Incluye notas al pie de las páginas.
586 ## - NOTA DE PREMIOS
Nota de premios "Premio Ensayo 1987".
586 ## - NOTA DE PREMIOS
Nota de premios "Premio Ensayo Concurso El Caimán Barbudo, 1987"
650 #4 - PUNTO DE ACCESO ADICIONAL DE MATERIA--TÉRMINO DE MATERIA
Término de materia o nombre geográfico como elemento de entrada Ensayo cubano
9 (RLIN) 20853
650 #4 - PUNTO DE ACCESO ADICIONAL DE MATERIA--TÉRMINO DE MATERIA
Término de materia o nombre geográfico como elemento de entrada Literatura cubana
9 (RLIN) 1483
650 #4 - PUNTO DE ACCESO ADICIONAL DE MATERIA--TÉRMINO DE MATERIA
Término de materia o nombre geográfico como elemento de entrada Poesía social
9 (RLIN) 26317
700 1# - PUNTO DE ACCESO ADICIONAL--NOMBRE DE PERSONA
Nombre de persona Eduardo Vázquez, María Cristina,
Término indicativo de función/relación ed.
9 (RLIN) 26318
910 ## - DATOS DE OPCIÓN DEL USUARIO (OCLC)
Datos de opción del usuario Catalogación derivada
Holdings
Estado de retiro Estado de pérdida Restricciones de uso No para préstamo Código de colección Localización permanente Ubicación/localización actual Ubicación en estantería Fecha de adquisición Número de inventario Total de préstamos Signatura topográfica completa Código de barras Fecha visto por última vez Precio válido a partir de Tipo de ítem Koha
    Préstamo interno   Monografías: Libros y Folletos General General En catalogación 12.10.2009 LF1   Cu864.44 A662r 10910-10 25.06.2020 25.06.2020 Préstamo interno

Powered by Koha